|
|
|
|
| LEADER |
00790nab a2200229 i 4500 |
| 001 |
publ27032 |
| 005 |
20230421144809.0 |
| 008 |
230421s2019 hu o 0|| Angol d |
| 022 |
|
|
|a 1742-6588
|
| 024 |
7 |
|
|a 10.1088/1742-6596/1206/1/012005
|2 doi
|
| 024 |
7 |
|
|a 30681112
|2 mtmt
|
| 040 |
|
|
|a SZTE Publicatio Repozitórium
|b hun
|
| 041 |
|
|
|a Angol
|
| 100 |
1 |
|
|a Varró Sándor
|
| 245 |
1 |
0 |
|a Laser induced distortion of band structure in solids
|h [elektronikus dokumentum] :
|b An analytic model /
|c Varró Sándor
|
| 260 |
|
|
|c 2019
|
| 300 |
|
|
|a 8
|
| 490 |
0 |
|
|a JOURNAL OF PHYSICS-CONFERENCE SERIES
|v 1206 No. 1
|
| 650 |
|
4 |
|a Fizikai tudományok
|
| 700 |
0 |
1 |
|a Földi Péter
|e aut
|
| 700 |
0 |
1 |
|a Barna Imre Ferenc
|e aut
|
| 856 |
4 |
0 |
|u http://publicatio.bibl.u-szeged.hu/27032/1/30681112.pdf
|z Dokumentum-elérés
|